000 00781nam a2200253Ia 4500
003 OSt
005 20220926013820.0
006 a|||||r|||| 00| 0
007 ta
008 220923b |||||||| |||| 00| 0 eng d
020 _a0471348813
_c
_69.95
037 _b9887, 13/09/2001, SBD
_cGeneral Book
040 _aRTL
_cRTL
_beng
041 _2eng
_aeng
082 _aX:551, P1
100 _aMasover Hal
_9319071
245 0 _aValue investing in commodity future
_b How to profit
260 _aNew York
_bJohn Wiley U S A
_c2001
300 _axviii,202p. Glossary P 185-93, Appendix p 161-92
_ccm.
490 _aWiley Trading Advantage
650 _aTrade
942 _hX:551, P1
_cGB
_2CC
999 _c626926
_d626926